Der Hobbit - Erste 100 Wörter - Statistiken

Allgemein
  • Dieses Quiz wurde 99 mal gespielt
  • Das Durchschnittsergebnis liegt bei 34 aus 101
Antwortstatistiken
Hint Antwort % Korrekt
8 | 65 ein
94%
9 Hobbit.
92%
51 | 81 | 84 eine
86%
1 In
84%
11 | 30 | 75 | 80 in
84%
6 da
82%
2 | 12 | 70 einem
77%
4 im
72%
7 lebte
72%
17 | 56 es
70%
3 | 49 Loch
70%
15 Loch,
70%
50 | 57 | 62 war
70%
10 Nicht
66%
29 nicht
66%
48 | 54 das
61%
5 Boden,
59%
76 der
59%
40 die
59%
60 Die
59%
21 | 27 | 37 | +2 others und
44%
16 wo
44%
31 einer
43%
78 Sie
38%
52 Hobbithöhle,
33%
61 Tür
33%
64 wie
29%
69 | 93 | 98 mit
28%
24 den
27%
44 Essen
25%
47 Nein,
25%
14 schmutzigen
25%
87 aber
24%
39 an
22%
67 grün
20%
88 einen
16%
18 nach
16%
28 auch
15%
13 feuchten,
15%
23 von
15%
46 kann:
13%
35 ohne
13%
41 man
10%
20 riecht
10%
43 zum
10%
77 Mitte.
9%
58 | 89 sehr
9%
19 Moder
8%
63 kreisrund
6%
42 sich
6%
55 heißt,
5%
38 Stühle,
5%
36 Tische
5%
33 kahlen
4%
59 komfortabel.
4%
25 Wänden
4%
95 Wänden,
4%
22 Wurmzipfel
4%
66 Bullauge,
3%
72 gelben
3%
74 genau
3%
68 gestrichen,
3%
73 Messingknopf
3%
34 Sandgrube
3%
32 trockenen,
3%
86 Tunnel,
3%
92 Tunnel
3%
85 art
1%
100 belegten
1%
71 blanken
1%
83 Diele,
1%
79 führte
1%
Fußboden
1%
96 gekacheltem
1%
26 herabhängen,
1%
94 holzgetäfelten
1%
91 luftigen
1%
82 röhrenförmige
1%
45 setzen
1%
99 Teppichen
1%
90 komfortablen,
0%
Keine übereinstimmenden Quizze gefunden
Verteilung der Resultate
Anzahl Personen mit jedem Resultat
Perzentil nach korrekt beantworteten Fragen
Ihre Resultats-Entwicklung
Sie haben dieses Quiz noch nicht gespielt